U.S. States With the Highest Pet Ownership Rate - Statistics

General Stats
  • This quiz has been taken 16 times
  • The average score is 11 of 15
Answer Stats
% of Households That Own a Pet U.S. State % Correct
65% Oklahoma
100%
69.9% Idaho
86%
64.7% Colorado
79%
69.2% Indiana
79%
63.5% Maine
79%
70% Vermont
79%
70.7% West Virginia
79%
64.1% Kentucky
71%
63.5% Missouri
71%
70.3% Nebraska
71%
63.7% North Dakota
71%
62.8% Kansas
64%
71.8% Wyoming
64%
69% Arkansas
57%
65.5% Mississippi
50%
No matching quizzes found
Score Distribution
Percent of People with Each Score
Percentile by Number Answered
Your Score History
You have not taken this quiz